Faktory ovplyvňujúce rozhodovacie procesy v agrosektore - rok 2003

Rozhodovací proces v agrosektore je spojený s radom špecifík. Podstatnými zložkami rozhodovacích procesov manažérov agrobiznisu (podľa J. Hrona) sa stanú všeobecné trendy pozorovateľné na rozvinutých trhoch: globalizácia dopytu, globalizácia ponuky, globalizácia konkurencie, globalizácia stratégie....

Full description

Saved in:
Bibliographic Details
Main Author: Jankelová, Nadežda, 1966-
Format: Book Chapter
Language:Slovak
Subjects:
Tags: Add Tag
No Tags, Be the first to tag this record!

MARC

LEADER 00000naa$a2200000$$$4500
001 0017616
005 20240502071404.1
041 0 |a slo 
044 |a SK 
245 1 0 |a Faktory ovplyvňujúce rozhodovacie procesy v agrosektore - rok 2003  |c Nadežda Jankelová 
520 |a Rozhodovací proces v agrosektore je spojený s radom špecifík. Podstatnými zložkami rozhodovacích procesov manažérov agrobiznisu (podľa J. Hrona) sa stanú všeobecné trendy pozorovateľné na rozvinutých trhoch: globalizácia dopytu, globalizácia ponuky, globalizácia konkurencie, globalizácia stratégie. Významným faktorom rozhodovacích procsov v agrosektore sú uplatňované podnikateľské štruktúry. Hlavným faktorom ovplyvňujúcim štruktúrno-procesné trendy v agrorezorte bude uplatňovanie Spoločnej poľnohospodárskej politiky EÚ. 
610 2 0 |a poľnohospodárstvo 
610 2 0 |a podnik poľnohospodársky 
610 2 0 |a procesy rozhodovacie 
610 2 0 |a politika poľnohospodárska 
610 2 0 |a globalizácia 
100 1 |a Jankelová, Nadežda, 1966-